000 01768nam 22002293 4500
001 199387
010 _a978-989-784-715-8
021 _b505499/22
_aPT
090 _a199387
100 _a20241122d u||y0pory50 ba
200 _aVejam como dançamos
_eo país dos outros, parte 2
_fLeïla Slimani
_gtradução de Tânia Ganho
205 _a
210 _aLisboa
_cAlfaguara
_d2025
215 _a338, [6] p.
_cbrochado
_d24 cm
330 _a1968, Marrocos: Mathilde, alsaciana, e Amine, oficial do Exército marroquino, são um casal com uma longa história atrás de si e um incerto futuro pela frente, à imagem do país onde vivem. Esta é a história de uma família hesitante entre a tradição e a modernidade, protagonizada por uma mulher enredada entre duas culturas, sufocada pelo conservadorismo do país onde escolheu viver e dividida entre a dedicação à família e o amor à liberdade. É também a história de um país que acabou de conquistar a independência e que procura o seu lugar, entre o espartilho religioso e o fascínio pelo Ocidente, entre a repressão e o hedonismo. Leïla Slimani, uma das vozes mais importantes da literatura francesa, regressa à história da própria família para construir um romance cheio de personagens inesquecíveis e imagens fortes. Retratando um tempo e um lugar em que ressoam os ecos do Maio de 68 e as mulheres encetam o pedregoso caminho da emancipação, a escritora reafirma a sua impressionante destreza narrativa e o olhar clínico sobre a intimidade.
606 _99477
_aLiteratura marroquina de língua francesa
675 _a821.133.1(64)-3
_vPT
_zpor
700 _93601
_aSlimani
_bLeïla
_f1981-
702 _93668
_aGanho
_bTânia
_f1973-
801 _aPT
_bBMMN
_gRPC
830 _cAna
_fAna
990 _cLIVROS